| 000 | 00436nam a2200169 a 4500 | ||
|---|---|---|---|
| 005 | 20140310183348.0 | ||
| 008 | 070503s19uu xx 00 eng d | ||
| 020 | _a0449205975 | ||
| 050 |
_aPS 3562.U752 _b.L972 1990 |
||
| 100 | _aLustbader, Eric V. | ||
| 245 |
_aJian. _cEric V. Lustbader |
||
| 260 |
_aU.S.A : _bBallantine Books, _c1990. |
||
| 300 |
_a542 p. : _c18 cm. |
||
| 650 | _aFiction. | ||
| 942 |
_cBK _2lcc |
||
| 999 |
_c22000 _d22000 |
||